| 000 | 00815nam a22002417a 4500 | ||
|---|---|---|---|
| 999 |
_c18827 _d18827 |
||
| 003 | AR-CdUCM | ||
| 008 | 190305b ||||| |||| 00| 0 esp d | ||
| 020 | _aISBN | ||
| 040 |
_aMUNICIPALIDAD PROVINCIAL DEL CUSCO _cBIBLIOTECA MUNICIPAL DEL CUSCO |
||
| 082 |
_a858.11 / _bAL42 |
||
| 100 |
_aAlighieri, Dante _95764 |
||
| 245 |
_aLa divina comedia / _cDante Alighieri |
||
| 260 |
_aBuenos Aires ; _bCarlos Lohlé, _c1972. |
||
| 300 |
_a678 paginas ; _c23 cm. |
||
| 440 |
_aObras maestras _913782 |
||
| 505 | _aLa vida de Dante -- La divina comedia -- La anotación y el comentario -- Canto ... | ||
| 650 |
_aPoesías italianas _96525 |
||
| 650 |
_aPoesías bíblicas _910079 |
||
| 650 |
_aSiglo XIV _91308 |
||
| 710 |
_aFondo Nacional de las artes _939671 |
||
| 942 |
_2ddc _cLIBROS |
||
| 945 |
_arjall _d2019-05-15 |
||